| 000 | 00953cam a22002411 4500 | ||
|---|---|---|---|
| 001 | e 32000433 | ||
| 003 | DLC | ||
| 005 | 20260227111222.0 | ||
| 008 | 810403s1932 dcu f000 0 eng c | ||
| 010 | _ae 32000433 | ||
| 035 | _a(OCoLC)7303825 | ||
| 040 |
_aLibrary. U.S. Office of Education _cMChB _dDLC |
||
| 042 | _apremarc | ||
| 043 | _an-us--- | ||
| 050 | 0 | 0 |
_aL111 _b.A6 1932 no. 10 |
| 100 | 1 |
_aReady, Marie M. _q(Marie Margaret) |
|
| 245 | 1 | 0 |
_aPhysical education and health education as a part of all general teacher-traning curricula, _cby Marie M. Ready, associate specialist in recreation, Office of education. United States Department of the interior. Office of education. |
| 260 |
_aWashington, _bU.S. Govt. Print. Off., _c1932. |
||
| 300 |
_av, 47 p. _c23 cm. |
||
| 490 | 0 |
_aU.S. Office of Education. Bulletin _vno. 10 |
|
| 650 | 0 |
_aPhysical education and training _zUnited States. |
|
| 650 | 0 |
_aTeachers _xTraining of _zUnited States. |
|
| 999 |
_c21238 _d21238 |
||